000 00528nam a2200181Ia 4500
008 240729s9999 xx 000 0 und d
022 _a2197-1714
245 0 _aInjury Epidemiology
260 _aUnited Kingdom
260 _bBMC
650 _a Internal medicine
650 _a Medical emergencies. Critical care. Intensive care. First aid | Medicine
650 _a Public aspects of medicine
650 _aMedicine
856 _uhttps://doaj.org/toc/721759ab651f47a88e355e16076bfeee
942 _2ddc
942 _cDOAJEJ
999 _c74388
_d74388
945 _a1
_bMadushi Gamage
_c1
_dMadushi Gamage